Assurance vieillesse: un essai de mesure des écarts entre catégories de salariés.

O systéme francúzskeho starobného poistenia, ktoré je založené na rozdeľovaní podľa životného cyklu. Ponechané ukazovatele. Rozdiely medzi mzdovými pracovníkmi a náhradnými sadzbami. Majorizácia detí. Hlavné príčiny disparity medzi sociálnymi kategóriami. Rozdiely medzi sociálnymi kategóriami možno...

ver descrição completa

Na minha lista:
Detalhes bibliográficos
Autor principal: Porthieux, S.
Formato: Capítulo de Livro
Idioma:francês
Assuntos:
Tags: Adicionar Tag
Sem tags, seja o primeiro a adicionar uma tag!

MARC

LEADER 00000naa a2200000 4500
001 r008628
005 20220913124906.5
041 0 |a fre 
044 |a FR 
245 1 0 |a Assurance vieillesse: un essai de mesure des écarts entre catégories de salariés.  |c S. Porthieux 
520 |a O systéme francúzskeho starobného poistenia, ktoré je založené na rozdeľovaní podľa životného cyklu. Ponechané ukazovatele. Rozdiely medzi mzdovými pracovníkmi a náhradnými sadzbami. Majorizácia detí. Hlavné príčiny disparity medzi sociálnymi kategóriami. Rozdiely medzi sociálnymi kategóriami možno modifikovať. (CERC, Notes et graphiques 1992, č.17). 
610 2 0 |a poistenie dôchodkové 
610 2 0 |a mzdy 
610 2 0 |a Francúzsko 
610 2 0 |a kategórie sociologické 
100 1 |a Porthieux, S.